000 00442nam a2200145Ia 4500
008 100122s9999 xx 000 0 und d
082 _b50547
_a823
100 _aकर्णिक हेमन
245 _aविश्वसुंदरी
260 _bशांती पब्लिकेशन
_c1994
300 _a231
630 _aविश्वसुंदरी
730 _aविश्वसुंदरी
942 _cBOOK
999 _c428256
_d428253